[Event "Oslo2"]
[Site "Oslo"]
[Date "1992.??.??"]
[Round "7"]
[White "Tisdall, Jonathan D"]
[Black "Kiik, Kalle"]
[Result "0-1"]
[WhiteElo "2455"]
[BlackElo "2395"]

1.d4 Nf6 2.c4 e6 3.Nc3 Bb4 4.Qc2 O-O 5.a3 Bxc3+ 6.Qxc3 b6 7.Bg5 h6 8.Bh4 c5
9.dxc5 bxc5 10.Nf3 Nc6 11.Bxf6 Qxf6 12.Qxf6 gxf6 13.Nd2 f5 14.e3 Rb8 15.O-O-O Ne5
16.h3 Bb7 17.f4 Ng6 18.Rg1 d5 19.g4 fxg4 20.cxd5 exd5 21.Rxg4 Kh7 22.Bd3 f5
23.Rg3 Nh4 24.Bc2 Rf7 25.Nb1 Rg7 26.Rxg7+ Kxg7 27.Nc3 Rd8 28.b4 c4 29.Nb5 Kf6
30.Rg1 Nf3 31.Rf1 d4 32.Nxd4 Nxd4 33.exd4 Rxd4 34.Kb2 Rd2 35.Kc3 Rh2 36.h4 Bd5
37.Rd1 Be6 38.Rd6 Rh3+ 39.Kb2 Ke7 40.Rc6 Rxh4 41.Rc7+ Kd6 42.Rxa7 Rxf4 43.Kc3 Rf3+
44.Kd4 Rf2 45.Ra6+ Ke7 46.Ba4 Rd2+ 47.Ke5 Rd5+ 48.Kf4 Rd4+ 49.Ke3 Rd3+ 50.Kf4 Rd4+
51.Ke3 Re4+ 52.Kf2 c3 53.Rc6 Bc4 54.b5 Bd5  0-1

[Event "Palma de Mallorca op"]
[Site "Palma de Mallorca"]
[Date "1992.??.??"]
[Round "3"]
[White "Eslon, Jaan"]
[Black "Suba, Mihai"]
[Result "1/2-1/2"]
[WhiteElo "2420"]
[BlackElo "2520"]

1.d4 Nf6 2.c4 e6 3.Nc3 Bb4 4.Qc2 O-O 5.Nf3 d6 6.g3 e5 7.Bg2 exd4 8.Nxd4 d5
9.O-O c5 10.Nf5 d4 11.Nd5 Nxd5 12.cxd5 Qf6 13.Nh4 Nd7 14.e4 Ba5 15.f4 Qa6
16.Bd2 Bb6 17.b3 Nf6 18.Qc4 Qa3 19.h3 Qb2 20.Rfd1 Bxh3 21.Bxh3 Nxe4 22.Be1 Rfe8
23.Rdb1 Qa3 24.Bf1 d3 25.Nf3 Nd6 26.Qc1 c4+ 27.Kh2 Qc5 28.bxc4 Nxc4 29.Bxd3 Qxd5
30.Qxc4 Qxf3 31.Rb3 Qh5+ 32.Kg2 Re3 33.Be4 Re2+ 34.Kf1 Rh2 35.Bg2 Re8 36.Rxb6 axb6
37.Qd5 Qe2+ 38.Kg1 Rh6 39.Bf2 Rhe6 40.Re1 Qg4 41.Rxe6 Qxe6 42.Qxe6 Rxe6 43.Bxb7 b5
44.Bd5 Rd6 45.Bb3 h5 46.Kf1 g6 47.Ke2 Kg7 48.Bc5 Rd8 49.Bb4 f6 50.Bc3 Rd6
51.Ke3 Rd8 52.Ke4 Re8+ 53.Kd3 Rd8+ 54.Bd4 Rc8 55.Ke4 Rd8 56.a3 Ra8 57.Bc5 Re8+
58.Kf3 Rd8 59.Ke2 Re8+ 60.Kf2 g5 61.Bb4 Rd8 62.Bc2 Kh6 63.fxg5+ fxg5 64.Be4 h4
65.gxh4 gxh4 66.Bc6 Rb8  1/2-1/2

[Event "Pardubice op"]
[Site "Pardubice"]
[Date "1992.??.??"]
[Round "7"]
[White "Babula, Milan"]
[Black "Panchenko, Alexander N"]
[Result "0-1"]
[WhiteElo "2355"]
[BlackElo "2465"]

1.d4 Nf6 2.c4 e6 3.Nc3 Bb4 4.Qc2 O-O 5.a3 Bxc3+ 6.Qxc3 d6 7.Bg5 Nbd7 8.e3 e5
9.Bd3 Re8 10.Ne2 Nf8 11.O-O Qe7 12.Rae1 h6 13.Bh4 Ng6 14.dxe5 dxe5 15.Bxf6 Qxf6
16.f4 exf4 17.Qxf6 gxf6 18.exf4 Bg4 19.g3 Bh3 20.Rf3 Re7 21.Rd1 Bg4 22.Rf2 Rd8
23.h3 Rxd3 24.Rxd3 Bxe2 25.Rd8+ Nf8 26.b3 f5 27.Rd5 Re3 28.Kg2 Bd3  0-1

[Event "Paris-ch"]
[Site "Paris"]
[Date "1992.??.??"]
[Round "5"]
[White "Giaccomazzi, Dominique"]
[Black "De Sousa, Jose"]
[Result "1/2-1/2"]
[WhiteElo "2245"]
[BlackElo "2395"]

1.d4 e6 2.c4 Nf6 3.Nc3 Bb4 4.Qc2 O-O 5.Bg5 h6 6.Bh4 c5 7.dxc5 Na6 8.a3 Bxc3+
9.Qxc3 Nxc5 10.Bxf6 Qxf6 11.Qxf6 gxf6 12.Nf3 a5 13.e3 a4 14.Be2 b6 15.O-O Ba6
16.Nd2 Rfc8 17.Rfe1 Ra7 18.Rad1 Kf8 19.Nb1 Nb3 20.Rd6 Bxc4 21.Bxc4 Rxc4 22.Rxb6 Rc2
23.Nc3 Rxb2 24.h3 Rc2 25.Nxa4 Nd2 26.Rb4 Nc4 27.Ra1 d5 28.Nb6 Nxa3 29.Rb3 Nb5
30.Rxa7 Nxa7 31.Nd7+ Kg7 32.Rb4 f5 33.Ne5 Rc7 34.Rb2 Kf6 35.Nf3 Nc8 36.g3 Nd6
37.Kg2 Nc4 38.Ra2 Rb7 39.Nd4 Nd6 40.Nf3 Ne4 41.Rc2 Rb1 42.Ra2 Nc3 43.Rc2 Nd1
44.Ra2 Nc3 45.Rc2 Ne4 46.Ra2 Rb6 47.Nd2 Nd6 48.Nf3 e5 49.Rd2 Ke6 50.Ra2 Rc6
51.Rb2 Ra6 52.Rc2 Nc4 53.Kf1 Ra1+ 54.Ke2 Rh1 55.h4 Ra1 56.Nd2 Ra4 57.Nxc4 dxc4
58.Rb2 Ra6 59.Rb5 Rc6 60.Kd2 c3+ 61.Kc2 Kd6 62.f3 Ke6 63.Ra5 Kd6  1/2-1/2

[Event "Paris-ch"]
[Site "Paris"]
[Date "1992.??.??"]
[Round "7"]
[White "Roumegous, Etienne"]
[Black "Dextre, Eric"]
[Result "1/2-1/2"]
[WhiteElo "2255"]
[BlackElo "2205"]

1.d4 Nf6 2.c4 e6 3.Nc3 Bb4 4.Qc2 O-O 5.Nf3 c5 6.dxc5 Na6 7.a3 Bxc3+ 8.Qxc3 Nxc5
9.e3 b6 10.Be2 Bb7 11.O-O Qc7 12.b4 Nce4 13.Qb3 Ng4 14.h3 Ne5 15.Rd1 d5 16.Nxe5 Qxe5
17.Bb2 Qf5 18.Bf3 Ng5 19.Bg4 Qg6 20.Kf1 f5 21.Be2 Ne4 22.cxd5 Bxd5 23.Bc4 Nd2+
24.Rxd2 Qxg2+ 25.Ke2  1/2-1/2

[Event "Parthenay op"]
[Site "Parthenay"]
[Date "1992.??.??"]
[Round "5"]
[White "Timoshchenko, Gennadi A"]
[Black "Solozhenkin, Evgeniy"]
[Result "1/2-1/2"]
[WhiteElo "2515"]
[BlackElo "2465"]

1.d4 Nf6 2.c4 e6 3.Nc3 Bb4 4.Qc2 O-O 5.Nf3 b6 6.e4 Bb7 7.Bd3 h6 8.Bd2 d6
9.a3 Bxc3 10.Bxc3 c5 11.dxc5 dxc5 12.O-O-O Nc6 13.e5 Nd7 14.Qe2 Re8 15.Qe4 Nf8
16.Qg4 Qe7 17.h4 Nh7 18.Rh3 f5 19.exf6 Nxf6 20.Qg6 Qf7 21.Bxf6 Qxf6 22.Qxf6 gxf6
23.Rg3+ Kf8 24.Rg6 f5 25.Re1 Rad8 26.Kc2 e5 27.Bxf5 e4 28.Nd2 Nd4+ 29.Kc1 Kf7
30.g4 Nxf5 31.gxf5 Bc8 32.Rxh6 Bxf5 33.Nf1 Rh8 34.Rxh8 Rxh8 35.Ng3 Bg6 36.Rh1 Kf6
37.h5 Bh7 38.Rd1 Ke6 39.Re1 Ke5 40.Nxe4 Bxe4 41.f3 Rxh5 42.Rxe4+ Kd6 43.Kd2 Rh2+
44.Re2 Rh4 45.b3 a6 46.Rg2 b5 47.Rg6+ Kc7 48.Rg4 Rh2+ 49.Kc3 Rf2 50.Rf4 Ra2
51.Rf7+ Kc6 52.Rf6+ Kb7 53.f4 Rxa3 54.Kb2 Ra5 55.Re6 bxc4 56.bxc4 Ra4 57.Re4 Rb4+
58.Kc2 a5 59.f5 a4 60.f6 a3 61.f7 Rb2+ 62.Kc1 Rf2 63.Re7+ Kb6 64.Kb1 Kc6  1/2-1/2

[Event "RUS-chT"]
[Site "Podolsk"]
[Date "1992.??.??"]
[Round "?"]
[White "Doroshkievich, Vladimir K"]
[Black "Kiselev, Sergey"]
[Result "1/2-1/2"]
[WhiteElo "2360"]
[BlackElo "2540"]

1.d4 Nf6 2.c4 e6 3.Nc3 Bb4 4.Qc2 O-O 5.Nf3 c5 6.dxc5 Na6 7.g3 Nxc5 8.Bd2 b6
9.Bg2 Bb7 10.O-O Nce4 11.Nxe4 Bxe4 12.Qd1 Bxd2 13.Qxd2  1/2-1/2

[Event "Podolsk"]
[Site "Podolsk"]
[Date "1992.??.??"]
[Round "?"]
[White "Berkovich, Dmitry"]
[Black "Kiselev, Sergey"]
[Result "0-1"]
[WhiteElo "2445"]
[BlackElo "2530"]

1.d4 Nf6 2.c4 e6 3.Nc3 Bb4 4.Qc2 O-O 5.Nf3 c5 6.dxc5 Na6 7.a3 Bxc3+ 8.Qxc3 Nxc5
9.g3 b6 10.Bg2 Bb7 11.O-O Rc8 12.Nd2 Bxg2 13.Kxg2 d5 14.f3 d4 15.Qc2 d3 16.exd3 Qxd3
17.Qxd3 Nxd3 18.b3 Rfd8 19.Ra2 Rd7 20.Kh3 h6 21.Rc2 b5 22.Nb1 a5 23.Nc3 bxc4
24.Na4 Rdc7 25.Rd1 Nd5 26.bxc4 Rxc4 27.Rxc4 Rxc4 28.Rxd3 Rxc1 29.Rb3 g5 30.Kg2 Rc2+
31.Kg1 Kg7 32.Nb2 Rc1+ 33.Kg2 Rb1 34.a4 Nb4 35.h3 h5 36.g4 h4 37.f4 gxf4
38.Kf3 Kg6 39.Ke4 f6 40.Kd4 f3  0-1

[Event "RUS-chT"]
[Site "Podolsk"]
[Date "1992.??.??"]
[Round "?"]
[White "Doroshkievich, Vladimir K"]
[Black "Aseev, Konstantin N"]
[Result "1/2-1/2"]
[WhiteElo "2360"]
[BlackElo "2560"]

1.d4 Nf6 2.c4 e6 3.Nc3 Bb4 4.Qc2 O-O 5.Nf3 c5 6.dxc5 Na6 7.g3 Nxc5 8.Bd2 b6
9.Bg2 Ba6 10.Ne4 Bxd2+ 11.Nfxd2 Ncxe4 12.Nxe4 Nxe4 13.Bxe4 Rc8 14.Bxh7+ Kh8
15.Bd3 Bxc4 16.O-O Qf6 17.b3 Bxd3 18.Qxd3 d5 19.Qa6 Rc7 20.Rac1 Qe5 21.e3 Rd8
22.Rfd1 Kg8 23.h4  1/2-1/2

[Event "Rishon Le Ziyyon"]
[Site "Rishon Le Ziyyon"]
[Date "1992.??.??"]
[Round "7"]
[White "Greenfeld, Alon"]
[Black "Khasin, Alexander"]
[Result "1/2-1/2"]
[WhiteElo "2535"]
[BlackElo "2460"]

1.d4 Nf6 2.c4 e6 3.Nc3 Bb4 4.Qc2 O-O 5.a3 Bxc3+ 6.Qxc3 b6 7.Bg5 Bb7 8.e3 d6
9.f3 c5 10.dxc5 dxc5 11.Nh3 Nbd7 12.O-O-O Qe7 13.Bd3 Rfe8 14.Nf2 Nf8 15.Ng4 e5
16.Bf5 h5 17.Nxf6+ gxf6 18.Bh4 Rad8 19.f4 Ng6 20.Rxd8 Rxd8 21.Bxg6 fxg6 22.fxe5 Qe6
23.Bxf6 Rd7 24.Qc2 Kh7 25.h3 b5 26.cxb5 Qa2 27.Rf1 Bd5 28.Rd1 Rb7 29.Qb1 Qc4+
30.Qc2 Qa2 31.e4 Bg8 32.Qb1 Qc4+ 33.Qc2 Qxb5 34.Rd8 Qf1+ 35.Qd1 Qc4+ 36.Qc2 Qf1+
37.Rd1 Qf4+ 38.Qd2 Qxe4 39.Re1 Qc4+ 40.Qc3 Qf4+ 41.Qe3 Qc4+ 42.Qc3 Qf4+ 43.Qe3  1/2-1/2

[Event "ROM-ch (Women)"]
[Site "?"]
[Date "1992.??.??"]
[Round "4"]
[White "Stanciu, Gabriela"]
[Black "Muresan, Margareta"]
[Result "0-1"]
[WhiteElo "2260"]
[BlackElo "2225"]

1.d4 Nf6 2.c4 e6 3.Nc3 Bb4 4.Qc2 O-O 5.a3 Bxc3+ 6.Qxc3 b5 7.cxb5 c6 8.bxc6 Nxc6
9.Bg5 Bb7 10.e3 Rc8 11.Bxf6 gxf6 12.e4 Qb6 13.Rd1 e5 14.dxe5 Nxe5 15.Qg3+ Kh8
16.Qf4 Ng6 17.Qd6 Qxb2 18.Bd3 Rfe8 19.f3 Qxg2 20.Qg3 Qxh1 21.Kd2 Ne5 22.Be2 Rg8
23.Qh4 Rc6 24.f4 Qxe4  0-1

[Event "ROM-chT"]
[Site "?"]
[Date "1992.??.??"]
[Round "?"]
[White "Perevoznic, Margareta"]
[Black "Jicman, Ligia"]
[Result "0-1"]
[WhiteElo "2130"]
[BlackElo "2220"]

1.d4 Nf6 2.c4 e6 3.Nc3 Bb4 4.Qc2 O-O 5.e3 c5 6.dxc5 Na6 7.Nf3 Nxc5 8.a3 Bxc3+
9.Qxc3 b6 10.b4 Nce4 11.Qd4 a5 12.Bd3 Bb7 13.O-O d6 14.Nd2 e5 15.Qb2 Ng5
16.f3 Qc7 17.Rb1 Rab8 18.e4 Ne6 19.Rd1 Ba6 20.Kh1 Nh5 21.b5 Bc8 22.Nb3 a4
23.Na1 Nc5 24.Bf1 f5 25.Qd2 fxe4 26.fxe4 Bb7 27.Be2 Nxe4 28.Qe1 Nf2+ 29.Kg1 Nxd1
30.Bxd1 Nf4 31.Bxf4 Rxf4 32.Bxa4 Qc5+ 33.Kh1 Rf2  0-1

[Event "Sas van Gent"]
[Site "Sas van Gent"]
[Date "1992.??.??"]
[Round "?"]
[White "Meulders, Richard"]
[Black "Van Gisbergen, Stan"]
[Result "1/2-1/2"]
[WhiteElo "2385"]
[BlackElo "2350"]

1.d4 Nf6 2.c4 e6 3.Nc3 Bb4 4.Qc2 O-O 5.Nf3 b6 6.g3 Bb7 7.Bg2 c5 8.dxc5 Bxc5
9.O-O d5 10.Bg5 Nc6 11.Rad1 h6 12.cxd5 Nb4 13.Qb1 Nbxd5 14.Nxd5 exd5 15.Bxf6 Qxf6
16.b4 Be7 17.Nd4 Rfd8 18.e3 Qd6 19.a3 Bf6 20.Rd3 Rac8 21.Rfd1 Bxd4 22.Rxd4 Rc3
23.e4 Rxa3 24.Qb2 Ra4 25.exd5 Re8 26.Qb3 b5 27.Bf1 a6 28.Qc3 Rc8 29.Qd2 Ra3
30.Bh3 Re8 31.Qf4 Qxf4 32.Rxf4 Rd8 33.Bg2 Kf8 34.h4 Rc3 35.d6 Bxg2 36.Kxg2 Rc6
37.Rfd4 Rd7 38.Kf3 Ke8 39.h5 Kd8 40.Kf4 Rc2 41.f3 Kc8 42.Ke5 Kb7 43.Rg4 Rc3
44.Ke4 Kc6 45.Ra1 Rc4+ 46.Ke5 f6+ 47.Kf5 Rc3 48.Rxa6+ Kd5 49.Rf4 Re3 50.Kg6 Re6
51.Rb6 Rexd6 52.Rf5+ Kc4 53.Rc5+ Kxb4 54.Rcxb5+ Kc4 55.Rxd6 Rxd6 56.Rb7 Rd3
57.Rxg7 Rxf3 58.Kxh6 Kd5 59.g4 Ke6 60.Kh7 Rg3 61.h6 Rh3 62.Kg6 Rh4 63.h7 Rxg4+
64.Kh5 Rxg7 65.h8=Q Rg5+ 66.Kh6 Kf7 67.Qh7+ Ke6 68.Qc7 Kf5 69.Qd7+ Ke5 70.Qe7+ Kf5
71.Qe8 Rg4 72.Qd7+ Kf4 73.Qe6 f5 74.Qe2 Rg3 75.Kh5 Rg5+ 76.Kh6 Rg3 77.Qc4+ Kf3
78.Qf1+ Ke4 79.Qe2+ Kf4  1/2-1/2

[Event "Schoeneck"]
[Site "Schoeneck"]
[Date "1992.??.??"]
[Round "6"]
[White "Schwarz, Peter"]
[Black "Schaefer, Michael"]
[Result "1/2-1/2"]
[WhiteElo "2290"]
[BlackElo "2225"]

1.d4 Nf6 2.c4 e6 3.Nc3 Bb4 4.Qc2 O-O 5.a3 Bxc3+ 6.Qxc3 Qe8 7.Nf3 b6 8.g3 Bb7
9.Bg2 d6 10.O-O Nbd7 11.b3 Ne4 12.Qc2 f5 13.Bb2 Qh5 14.Ne1 Rf6 15.Bc1 Raf8
16.f3 f4 17.g4 Qh4 18.fxe4 Qxg4 19.b4 g5 20.a4 Rh6 21.Ra3 Nf6 22.d5 e5 23.e3 Qh5
24.h3 f3 25.Rxf3 Bc8 26.Rf5 Bxf5 27.exf5 e4 28.Qf2 g4 29.h4 Kf7 30.Ra2 g3
31.Qf4 Rg8 32.Bh3 Qxh4 33.Qxh4 Rxh4 34.Bg2 Rg5 35.Nc2 Rxf5 36.Nd4 Re5 37.Bd2 Rg4
38.Bh3 Rh4 39.Be6+ Kf8 40.Be1 Rg5 41.Nf5 Rh2 42.Rg2 Rxg2+ 43.Kxg2 Ng4 44.Kxg3 Ne5+
45.Kf2 Nd3+ 46.Kf1 Nxe1 47.Kxe1 Rg1+ 48.Kd2 Ra1 49.b5 Rxa4 50.Kc3 a5 51.bxa6 Rxa6
52.Kd4 Ra4 53.Kc3  1/2-1/2

[Event "St Petersburg"]
[Site "St Petersburg"]
[Date "1992.??.??"]
[Round "?"]
[White "Dydyshko, Viacheslav"]
[Black "Ionov, Sergey"]
[Result "0-1"]
[WhiteElo "2500"]
[BlackElo "2500"]

1.d4 Nf6 2.c4 e6 3.Nc3 Bb4 4.Qc2 O-O 5.a3 Bxc3+ 6.Qxc3 b6 7.Bg5 Bb7 8.Nf3 d6
9.Nd2 h6 10.Bh4 Nbd7 11.f3 c5 12.e4 Rc8 13.dxc5 Nxc5 14.Qd4 e5 15.Qg1 Ne6
16.O-O-O Qe7 17.Kb1 Rc7 18.Bf2 Rfc8 19.Be3 b5 20.cxb5 d5 21.Nb3 dxe4 22.Na5 Ba8
23.fxe4 Nxe4 24.Ka1 Rc3 25.Nc4 R8xc4 26.Bxc4 Rxc4 27.Rc1 Bd5 28.b6 axb6 29.Rxc4 Bxc4
30.Bxb6 Nd2 31.Qe3 Nb3+ 32.Kb1 Qf6 33.Rd1 Qg5 34.Kc2 Ned4+  0-1

[Event "St Petersburg"]
[Site "St Petersburg"]
[Date "1992.??.??"]
[Round "?"]
[White "Dydyshko, Viacheslav"]
[Black "Kochyev, Alexander"]
[Result "1/2-1/2"]
[WhiteElo "2500"]
[BlackElo "2495"]

1.d4 Nf6 2.c4 e6 3.Nc3 Bb4 4.Qc2 O-O 5.Nf3 d6 6.g3 Nc6 7.a3 Bxc3+ 8.Qxc3 e5
9.d5 Ne7 10.Bg2 b5 11.Bg5 Ne4 12.Bxe7 Qxe7 13.Qc2 Nf6 14.cxb5 Rb8 15.e4 Rxb5
16.O-O Bd7 17.Qxc7 Rxb2 18.Nh4 Re8 19.Rab1  1/2-1/2

[Event "St Petersburg"]
[Site "St Petersburg"]
[Date "1992.??.??"]
[Round "?"]
[White "Dydyshko, Viacheslav"]
[Black "Lerner, Konstantin Z"]
[Result "1-0"]
[WhiteElo "2500"]
[BlackElo "2515"]

1.d4 Nf6 2.c4 e6 3.Nc3 Bb4 4.Qc2 O-O 5.Nf3 c5 6.a3 Bxc3+ 7.bxc3 d5 8.e3 b6
9.Bb2 Ba6 10.cxd5 Bxf1 11.Kxf1 Qxd5 12.c4 Qc6 13.Ne5 Qc7 14.dxc5 Qxc5 15.Bd4 Qc7
16.Qb2 Ne4 17.Qc2 Nd6 18.c5 Rc8 19.Rc1 bxc5 20.Ba1 f6 21.Nd3 Nd7 22.Nf4 Nf8
23.g4 Qf7 24.Rd1 Rc6 25.h4 Ng6 26.Nh5 Ne7 27.Qe2 e5 28.g5 Ne8 29.Rg1 Ng6
30.gxf6 Nxf6 31.Nxg7 Qxg7 32.h5 Nxh5 33.Qxh5 Re8 34.Rg5 Rf6 35.Ke1 Qf7 36.Bxe5  1-0

[Event "St Petersburg-ch op"]
[Site "St Petersburg"]
[Date "1992.??.??"]
[Round "?"]
[White "Ivanov, Sergey"]
[Black "Solozhenkin, Evgeniy"]
[Result "1-0"]
[WhiteElo "2440"]
[BlackElo "2450"]

1.d4 Nf6 2.c4 e6 3.Nc3 Bb4 4.Qc2 O-O 5.a3 Bxc3+ 6.Qxc3 b6 7.Bg5 Bb7 8.f3 h6
9.Bh4 d5 10.e3 Re8 11.Bd3 Nbd7 12.Ne2 c5 13.O-O Rc8 14.b3 cxd4 15.exd4 Ba6
16.Rac1 dxc4 17.bxc4 Nd5 18.Qe1 g5 19.Bf2 Qf6 20.Qd2 Nf4 21.Nxf4 gxf4 22.Rfe1 Nf8
23.Qb4 Bb7 24.Qa4 Re7 25.d5 Ba8 26.d6 Rd7 27.c5 bxc5 28.Bxc5 Qg5 29.h4 Qxh4
30.Bf2 Qg5 31.Rxc8 Bxf3 32.Bf1 Bxg2 33.Re5 Qxe5 34.Qxd7 Be4 35.Bg2 Bxg2 36.Qe7 Qg7
37.Rxf8+ Qxf8 38.Qxf8+ Kxf8 39.Kxg2 Ke8 40.Bxa7 Kd7 41.Bc5 e5 42.a4  1-0

[Event "St Petersburg"]
[Site "St Petersburg"]
[Date "1992.??.??"]
[Round "?"]
[White "Ionov, Sergey"]
[Black "Lerner, Konstantin Z"]
[Result "1-0"]
[WhiteElo "2500"]
[BlackElo "2515"]

1.d4 Nf6 2.c4 e6 3.Nc3 Bb4 4.Qc2 O-O 5.a3 Bxc3+ 6.Qxc3 b6 7.Bg5 Bb7 8.f3 h6
9.Bh4 d5 10.e3 Nbd7 11.cxd5 exd5 12.Bd3 Qe7 13.Ne2 c5 14.Bf2 Rac8 15.O-O cxd4
16.Qxd4 Nc5 17.Rad1 Nxd3 18.Qxd3 Nd7 19.Nc3 Qe6 20.Nxd5 Nc5 21.Qf5 Qxf5 22.Ne7+ Kh7
23.Nxf5 Ba6 24.Rfe1 Nd3 25.Re2 g6 26.Nd4 Ne5 27.Red2 Rfd8 28.h3 Rd7 29.Nc2 Rxd2
30.Rxd2 Nd3 31.Nb4 Nxb4 32.axb4 Bb5 33.e4 Kg8 34.Bd4 Rd8 35.Kf2 h5 36.h4 Kf8
37.Ke3 Ke8 38.Rc2 Kd7 39.Be5 Rc8 40.Rd2+ Ke7 41.Bc3 Rc6 42.Rd1 Rd6 43.Bd4 Rc6
44.Ra1 a6 45.Bc3 Rc8 46.Kf4 f6 47.Rd1 Ke6 48.Rd2 Be8 49.Ke3 Bb5 50.Rf2 Rd8
51.Bd4 Rd6 52.Rc2 Rc6 53.Rd2 Ba4 54.Bc3 Rc8 55.g4 hxg4 56.fxg4 Rf8 57.Bd4 Rf7
58.Rg2 Bd1 59.Rg1 Ba4 60.Bxb6 Rh7 61.Rh1 Bc6 62.Rh2 Re7 63.Bc5 Re8 64.Rf2 Kd7
65.Rd2+ Kc8 66.Rd4 f5 67.gxf5 gxf5 68.h5 fxe4 69.h6 Re5 70.Rd6 Kb7 71.Rf6 Bd5
72.Rb6+ Kc7 73.Bd6+ Kxb6 74.Bxe5 Bg8 75.Kxe4  1-0

[Event "St Petersburg"]
[Site "St Petersburg"]
[Date "1992.??.??"]
[Round "?"]
[White "Savchenko, Stanislav"]
[Black "Ionov, Sergey"]
[Result "1/2-1/2"]
[WhiteElo "2500"]
[BlackElo "2500"]

1.d4 Nf6 2.c4 e6 3.Nc3 Bb4 4.Qc2 O-O 5.a3 Bxc3+ 6.Qxc3 b6 7.Bg5 Bb7 8.f3 h6
9.Bh4 d5 10.e3 Re8 11.Bd3 Nbd7 12.cxd5 Nxd5 13.Bxd8 Nxc3 14.Bxc7 Nd5 15.Bd6 Nxe3
16.Kf2 Nd5 17.Ne2 e5 18.a4 Rad8 19.Rhe1 exd4 20.Nxd4 Rxe1 21.Rxe1 N7f6 22.Be5 Nd7
23.Nf5 Nxe5 24.Rxe5 Kf8 25.Bc4 Nb4 26.Kg3 Bd5 27.Bxd5 Nxd5 28.Ne3 Nxe3 29.Rxe3  1/2-1/2

[Event "St Petersburg op"]
[Site "St Petersburg"]
[Date "1992.??.??"]
[Round "?"]
[White "Ivanov, Sergey"]
[Black "Razuvaev, Yuri S"]
[Result "1/2-1/2"]
[WhiteElo "2440"]
[BlackElo "2575"]

1.d4 Nf6 2.c4 e6 3.Nc3 Bb4 4.Qc2 O-O 5.a3 Bxc3+ 6.Qxc3 b6 7.Bg5 Bb7 8.f3 h6
9.Bh4 d5 10.e3 Re8 11.Bd3 Nbd7 12.cxd5 Nxd5 13.Bxd8 Nxc3 14.Bh4 Nd5 15.Kf2 a5
16.Rc1 Rec8 17.Ne2 c5 18.e4 Nc7 19.Bg3 Ba6 20.Rhd1 Bxd3 21.Rxd3 Nb5 22.Rcd1  1/2-1/2

[Event "St Petersburg op"]
[Site "St Petersburg"]
[Date "1992.??.??"]
[Round "?"]
[White "Ivanov, Sergey"]
[Black "Maksimenko, Andrei"]
[Result "1/2-1/2"]
[WhiteElo "2440"]
[BlackElo "2455"]

1.d4 Nf6 2.c4 e6 3.Nc3 Bb4 4.Qc2 O-O 5.a3 Bxc3+ 6.Qxc3 b6 7.Bg5 c5 8.dxc5 bxc5
9.e3 Nc6 10.Nf3 h6 11.Bh4 Qa5 12.Qxa5 Nxa5 13.b4 Nc6 14.b5 Na5 15.Bd3 Bb7
16.O-O Ne4 17.Bxe4 Bxe4 18.Nd2 Bg6 19.e4 f6 20.Bg3 Rac8 21.Rac1 Rfd8 22.Rfe1 d5
23.exd5 exd5 24.a4 dxc4 25.Nxc4 Nb3 26.Rc3 Rd3 27.Rxd3 Bxd3 28.Nd6 Rd8 29.Rd1 Bc2
30.Re1 Nd4 31.a5 Bd3 32.b6 axb6 33.axb6 Ne2+ 34.Kh1 Nxg3+ 35.hxg3 Rxd6 36.Re8+ Kf7
37.b7 Kxe8 38.b8=Q+ Rd8 39.Qc7 c4 40.Qxg7 c3 41.Qxf6 c2 42.Qe6+  1/2-1/2

[Event "Subotica Palic"]
[Site "Subotica"]
[Date "1992.??.??"]
[Round "?"]
[White "Drasko, Milan"]
[Black "Vuksanovic, Sanja"]
[Result "1-0"]
[WhiteElo "2525"]
[BlackElo "2270"]

1.d4 e6 2.c4 Nf6 3.Nc3 Bb4 4.Qc2 O-O 5.a3 Bxc3+ 6.Qxc3 b6 7.Bg5 Bb7 8.f3 h6
9.Bh4 d5 10.e3 Nbd7 11.cxd5 exd5 12.Bd3 Re8 13.Ne2 Qe7 14.Bf2 c5 15.O-O Rac8
16.Qd2 Nf8 17.b4 c4 18.Bc2 Bc6 19.Nc3 Rcd8 20.Rae1 Ne6 21.e4 Nh5 22.e5 Nhf4
23.Be3 Qh4 24.g3 Nh3+ 25.Kg2 Qh5 26.f4 g5 27.f5 Ng7 28.f6 Ne6 29.Bd1 g4 30.Qe2 Nhg5
31.Qxg4 Qxg4 32.Bxg4 Ne4 33.Nxe4 dxe4 34.Bxe6 Rxe6 35.Rf4 Bd5 36.Rh4 Kf8
37.Rxh6 Ke8 38.Rh8+ Kd7 39.Rxd8+  1-0

[Event "Tampere"]
[Site "Tampere"]
[Date "1992.??.??"]
[Round "5"]
[White "Yrjola, Jouni"]
[Black "Veingold, Aleksandr"]
[Result "1/2-1/2"]
[WhiteElo "2485"]
[BlackElo "2465"]

1.d4 Nf6 2.c4 e6 3.Nc3 Bb4 4.Qc2 O-O 5.a3 Bxc3+ 6.Qxc3 b6 7.Bg5 Bb7 8.e3 h6
9.Bh4 d6 10.f3 Nbd7 11.Nh3 Rc8 12.O-O-O d5 13.cxd5 exd5 14.Kb1 Re8 15.Bd3 c5
16.Rhe1 Ne4 17.Bxe4 Qxh4 18.Bf5 Qd8 19.Nf4 cxd4 20.Qxd4 Rc4 21.Qd2 Nf6 22.Ne2 Qd6
23.h3 Bc6 24.Bd3 Rc5 25.g4 Bd7 26.Nd4 Ba4 27.b3 Bd7 28.Kb2 Qg3 29.Rg1 Qe5
30.Rde1 Rec8 31.h4 Nh7 32.f4 Qe7 33.g5 h5 34.Rc1 Nf8 35.b4 Rxc1 36.Rxc1 Re8
37.Re1 Ng6 38.Bxg6 fxg6 39.Nf3 Qe4 40.Ne5 Bf5 41.Nc6  1/2-1/2

[Event "Tashkent"]
[Site "Tashkent"]
[Date "1992.??.??"]
[Round "?"]
[White "Barsov, Alexei"]
[Black "Kaiumov, Dmitry D"]
[Result "1/2-1/2"]
[WhiteElo "2400"]
[BlackElo "2385"]

1.d4 Nf6 2.c4 e6 3.Nc3 Bb4 4.Qc2 O-O 5.a3 Bxc3+ 6.Qxc3 b6 7.Bg5 Bb7 8.Nh3 h6
9.Bh4 d5 10.cxd5 exd5 11.e3 Nbd7 12.Bd3 Re8 13.O-O c6 14.Rfe1 g5 15.Bg3 Ne4
16.Qc2 Nxg3 17.hxg3 Nf6 18.f3 Qd6 19.g4 c5 20.dxc5  1/2-1/2

[Event "Tel Aviv-B"]
[Site "Tel Aviv"]
[Date "1992.??.??"]
[Round "2"]
[White "Elbilia, Jacques"]
[Black "Kosashvili, Yona"]
[Result "0-1"]
[WhiteElo "2220"]
[BlackElo "2460"]

1.d4 Nf6 2.c4 e6 3.Nc3 Bb4 4.Qc2 O-O 5.Bg5 h6 6.Bh4 d6 7.Nf3 Nbd7 8.e3 e5
9.Be2 Bxc3+ 10.bxc3 Re8 11.Nd2 c5 12.d5 Qe7 13.e4 Nf8 14.f3 Ng6 15.Bf2 Nh7
16.g3 Rf8 17.Bd3 Bh3 18.O-O-O h5 19.Kb1 Qd7 20.Ka1 f5 21.exf5 Bxf5 22.Ne4 Ne7
23.Be3 Rab8 24.Rb1 Kh8 25.Rhf1 b5 26.cxb5 Nxd5 27.Bd2 Nc7 28.f4 c4 29.Bxc4 d5
30.Nc5 Qe7  0-1

[Event "Ticino op"]
[Site "Ticino"]
[Date "1992.??.??"]
[Round "5"]
[White "Flear, Glenn C"]
[Black "Vezzosi, Paolo"]
[Result "1/2-1/2"]
[WhiteElo "2495"]
[BlackElo "2305"]

1.d4 Nf6 2.c4 e6 3.Nc3 Bb4 4.Qc2 O-O 5.a3 Bxc3+ 6.Qxc3 b6 7.Bg5 Bb7 8.Nf3 d6
9.Nd2 Nbd7 10.f3 h6 11.Bh4 d5 12.e3 c5 13.dxc5 Nxc5 14.cxd5 g5 15.Bg3 Nxd5
16.Qd4 Ne7 17.Bc4 Nf5 18.Qxd8 Rfxd8 19.Ke2 Nd6 20.Bxd6 Rxd6 21.Rhc1 Rad8
22.Rc2 Bc6 23.b4 Nd3 24.b5 Bb7 25.Bxd3 Rxd3 26.a4 R3d7 27.Ra3 Kf8 28.Rac3 Ra8
29.Nb3 a6 30.Rc7 Rxc7 31.Rxc7 Bd5 32.Nc1 axb5 33.axb5 Ra4 34.Kd3 e5 35.e4 Be6
36.Rc6 Rb4 37.Rxb6 Bc4+ 38.Kc3 Rxb5 39.Rxh6 Bf1 40.Rf6 Bxg2 41.Rf5 g4 42.f4 Rc5+
43.Kd2 Bxe4 44.Rxe5 Rxe5  1/2-1/2

[Event "Uppsala op"]
[Site "Uppsala"]
[Date "1992.??.??"]
[Round "?"]
[White "Astrom, Robert"]
[Black "Sjoberg, Mats"]
[Result "1-0"]
[WhiteElo "2305"]
[BlackElo "2470"]

1.d4 Nf6 2.c4 e6 3.Nc3 Bb4 4.Qc2 O-O 5.a3 Bxc3+ 6.Qxc3 b6 7.Bg5 Bb7 8.Nf3 h6
9.Bh4 d6 10.Nd2 Nbd7 11.f3 d5 12.cxd5 exd5 13.e3 Re8 14.Bf2 c5 15.Bd3 cxd4
16.Qxd4 Nc5 17.O-O Nfd7 18.Bf5 Ne6 19.Qg4 Ne5 20.Qh3 Bc8 21.f4 Nc6 22.Rac1 Qd6
23.Rfd1 Nc5 24.Bxc8 Raxc8 25.e4 Qxf4 26.exd5 Nd4 27.Rc4 Ne2+ 28.Kf1 Qe5 29.Re1 Rcd8
30.Qf3 Qxb2 31.Rxe2 Rxe2 32.Qxe2 Rxd5 33.Nf3 Qa1+ 34.Ne1 Re5  1-0

[Event "Victoria-ch"]
[Site "Victoria"]
[Date "1992.??.??"]
[Round "12"]
[White "West, Guy"]
[Black "Johansen, Darryl K"]
[Result "1/2-1/2"]
[WhiteElo "2410"]
[BlackElo "2485"]

1.d4 e6 2.c4 Nf6 3.Nc3 Bb4 4.Qc2 O-O 5.Nf3 c5 6.dxc5 Na6 7.g3 Nxc5 8.Bg2 Nce4
9.O-O Nxc3 10.bxc3 Bc5 11.Rd1 Qe7 12.Nd4 Rb8 13.Rb1 b6 14.e4 Ng4 15.Qe2 Ne5
16.f4 Nc6 17.Kh1 Bb7 18.Be3  1/2-1/2

[Event "Walsall"]
[Site "Walsall"]
[Date "1992.??.??"]
[Round "3"]
[White "Flear, Glenn C"]
[Black "Chandler, Murray G"]
[Result "0-1"]
[WhiteElo "2505"]
[BlackElo "2575"]

1.d4 Nf6 2.c4 e6 3.Nc3 Bb4 4.Qc2 O-O 5.a3 Bxc3+ 6.Qxc3 b6 7.Bg5 Bb7 8.Nf3 d6
9.Nd2 h6 10.Bh4 Nbd7 11.f3 c5 12.e4 Rc8 13.Bf2 Qe7 14.Be2 Nh5 15.g3 f5 16.O-O fxe4
17.fxe4 cxd4 18.Bxd4 Nhf6 19.e5 dxe5 20.Bxe5 Nd5 21.Rxf8+ Qxf8 22.Qd4 Nxe5
23.cxd5 Bxd5 24.b4 Qf5 25.Rf1 Nc6 26.Qd3 Qxd3 27.Bxd3 Ne5 28.Be4 Bxe4 29.Nxe4 Rc2
30.Rf2 Rxf2 31.Kxf2 Nc4 32.Ke2 Nxa3 33.Nd6 Kf8 34.Kd3 a6 35.Nc8 b5 36.Nd6 Ke7
37.Nb7 Nc4 38.Kc3 e5 39.Nc5 Kd6 40.Nxa6 Ne3 41.Nc5 Kd5 42.Kd3 Nc4 43.Na6 e4+
44.Kc3 Ke5 45.Nc7 Nd6 46.Na6 h5 47.Nb8 Kd5 48.Na6 g5 49.Nc7+ Ke5 50.Kd2 h4
51.gxh4 gxh4 52.Ke3 Nf5+ 53.Kf2 Nd4 54.Ke3 Nc2+ 55.Ke2  0-1

[Event "Wisla BES op"]
[Site "Wisla"]
[Date "1992.??.??"]
[Round "4"]
[White "Sapis, Witalis"]
[Black "Gizynski, Tomasz"]
[Result "0-1"]
[WhiteElo "2420"]
[BlackElo "2310"]

1.d4 e6 2.c4 Nf6 3.Nc3 Bb4 4.Qc2 O-O 5.a3 Bxc3+ 6.Qxc3 b6 7.f3 d5 8.Bg5 Bb7
9.cxd5 exd5 10.Bxf6 Qxf6 11.Qxc7 Ba6 12.Qe5 Qc6 13.Nh3 Qc2 14.Qxd5 Nc6 15.e3 Rad8
16.Qe4 Nxd4 17.exd4 Rfe8 18.Bxa6 Rxe4+ 19.fxe4 Qxe4+ 20.Kf1 b5 21.a4 Qd3+
22.Kg1 Qxd4+ 23.Nf2 Qxb2 24.Rf1 bxa4 25.g4 Qb6 26.Be2 Rd2 27.Rc1 g6 28.Kf1 Qe3
29.Re1 a3 30.h4 a2 31.Rh3 Qxe2+ 32.Rxe2 a1=Q+ 33.Re1 Qf6 34.Rh2 h6 35.Kg1 Kg7
36.Rf1 Qd4 37.Rh3 a5 38.Rf3 a4 39.Kh1 Qd5 40.Kg2 Rb2  0-1